[Event "6. Copenhagen Open Politiken Cup"]
[Site "Copenhagen"]
[Date "1984.??.??"]
[Round "6"]
[White "Cramling, Dan"]
[Black "De Boer, Gert Jan"]
[Result "0-1"]
[WhiteElo "2380"]
[BlackElo "2340"]
[PlyCount "150"]
[EventDate "1984.??.??"]
[EventType "swiss"]
[EventRounds "10"]
[EventCountry "DEN"]
[SourceDate "2004.01.01"]

1. c4 e6 2. Nc3 d5 3. d4 Nf6 4. cxd5 exd5 5. Bg5 Be7 6. e3 O-O 7. Qc2 Nbd7 8.
Bd3 c6 9. Nf3 Re8 10. O-O Nf8 11. Rab1 Bd6 12. b4 Ng6 13. b5 h6 14. Bxf6 Qxf6
15. e4 Nf4 16. e5 Qe6 17. Ne1 Bf8 18. bxc6 bxc6 19. Na4 f6 20. exf6 Qxf6 21.
Rb3 Bd6 22. Bh7+ Kh8 23. Re3 Bd7 24. Bd3 Qxd4 25. Nf3 Qf6 26. Ba6 d4 27. Rb3 c5
28. Bb5 Bf5 29. Qd1 Re7 30. Nb2 Be4 31. Nc4 Rf8 32. Ra3 Bb8 33. Ncd2 Bb7 34.
Qc2 Ne2+ 35. Bxe2 Rxe2 36. Rb3 Bd5 37. Qxc5 Bxb3 38. axb3 d3 39. Nc4 Bf4 40.
Qxa7 g5 41. h3 h5 42. Qc5 h4 43. Rd1 Rd8 44. Qa5 Rc2 45. Kf1 Kg8 46. Qe1 Re2
47. Qa5 Qe7 48. Kg1 Rxf2 49. Nfe5 Bxe5 50. Qxe5 Qxe5 51. Nxe5 Rf5 52. Rxd3 Rxd3
53. Nxd3 Rd5 54. Ne1 Kg7 55. Nf3 Kh6 56. Kf2 Rd3 57. Kg1 Rxb3 58. Ne5 Kg7 59.
Kh2 Kf6 60. Ng4+ Kf5 61. Kg1 Kf4 62. Kh2 Rb2 63. Nh6 Ke3 64. Kg1 Ke2 65. Ng4
Rb1+ 66. Kh2 Re1 67. Nh6 Kf1 68. Kh1 Re5 69. Nf7 Re2 70. Nxg5 Rxg2 71. Nf3 Rg3
72. Nd2+ Ke2 73. Ne4 Rxh3+ 74. Kg2 Re3 75. Nf6 Rg3+ 0-1

[Event "6. Copenhagen Open Politiken Cup"]
[Site "Copenhagen"]
[Date "1984.??.??"]
[Round "6"]
[White "Davies, Nigel"]
[Black "Gallagher, Joseph G"]
[Result "1/2-1/2"]
[WhiteElo "2340"]
[BlackElo "2260"]
[PlyCount "35"]
[EventDate "1984.??.??"]
[EventType "swiss"]
[EventRounds "10"]
[EventCountry "DEN"]
[SourceDate "2004.01.01"]

1. Nf3 Nf6 2. c4 g6 3. Nc3 Bg7 4. e4 d6 5. d4 O-O 6. h3 Nbd7 7. Bg5 e5 8. d5 h6
9. Be3 Nc5 10. Nd2 a5 11. Be2 Ne8 12. h4 f5 13. h5 gxh5 14. Bxc5 dxc5 15. Bxh5
Nd6 16. g4 fxe4 17. Ncxe4 Rf4 18. Qe2 1/2-1/2

[Event "6. Copenhagen Open Politiken Cup"]
[Site "Copenhagen"]
[Date "1984.??.??"]
[Round "6"]
[White "Fette, Martin"]
[Black "Bjarnason, Saevar"]
[Result "1/2-1/2"]
[WhiteElo "2270"]
[BlackElo "2375"]
[PlyCount "99"]
[EventDate "1984.??.??"]
[EventType "swiss"]
[EventRounds "10"]
[EventCountry "DEN"]
[SourceDate "2004.01.01"]

1. e4 c5 2. Nf3 d6 3. d4 cxd4 4. Nxd4 Nf6 5. Nc3 g6 6. Be3 Bg7 7. f3 O-O 8. Qd2
Nc6 9. O-O-O Nxd4 10. Bxd4 Be6 11. g4 Qa5 12. Kb1 Rfc8 13. a3 Rab8 14. Bxf6
Bxf6 15. Nd5 Qxd2 16. Nxf6+ Kg7 17. Rxd2 Kxf6 18. h4 h6 19. Rd4 Ke5 20. c3 Rc5
21. Kc2 Rbc8 22. Kd2 Kf4 23. e5+ Kxe5 24. g5 hxg5 25. hxg5 d5 26. f4+ Kd6 27.
Rh7 b5 28. a4 bxa4 29. Rxa4 a5 30. Bd3 Bd7 31. Ra2 Be8 32. Ke3 e5 33. fxe5+
Kxe5 34. Rh4 Rb8 35. Rf4 Rb6 36. Rf1 a4 37. Kd2 Rc8 38. Bc2 Rcb8 39. Kc1 Ra6
40. Bd3 Ra7 41. b4 Rc7 42. Re2+ Kd6 43. Rf6+ Kd7 44. Kd2 d4 45. Re5 dxc3+ 46.
Kc2 Kd8 47. b5 Re7 48. Rd5+ Rd7 49. Rxd7+ Kxd7 50. Kxc3 1/2-1/2

[Event "6. Copenhagen Open Politiken Cup"]
[Site "Copenhagen"]
[Date "1984.??.??"]
[Round "6"]
[White "Fuller, Maxwell"]
[Black "Matulovic, Milan"]
[Result "1/2-1/2"]
[WhiteElo "2335"]
[BlackElo "2465"]
[PlyCount "53"]
[EventDate "1984.??.??"]
[EventType "swiss"]
[EventRounds "10"]
[EventCountry "DEN"]
[SourceDate "2004.01.01"]

1. e4 c5 2. g3 Nc6 3. Bg2 g6 4. Ne2 Bg7 5. O-O d6 6. c3 e5 7. d3 Nge7 8. Be3
O-O 9. a3 a5 10. a4 b6 11. Na3 d5 12. exd5 Nxd5 13. Nc4 Rb8 14. Qd2 Bf5 15.
Rad1 Re8 16. Bh6 Bh8 17. h3 Rb7 18. g4 Be6 19. f4 exf4 20. Nxf4 Rd7 21. Nxe6
Rxe6 22. Rde1 Ne5 23. Nxe5 Bxe5 24. Qf2 Rf6 25. Qe2 Re6 26. Qf2 Rf6 27. Qe2
1/2-1/2

[Event "6. Copenhagen Open Politiken Cup"]
[Site "Copenhagen"]
[Date "1984.??.??"]
[Round "6"]
[White "Grooten, Herman"]
[Black "Tompa, Janos"]
[Result "1-0"]
[WhiteElo "2305"]
[BlackElo "2420"]
[PlyCount "185"]
[EventDate "1984.??.??"]
[EventType "swiss"]
[EventRounds "10"]
[EventCountry "DEN"]
[SourceDate "2004.01.01"]

1. d4 Nf6 2. Nf3 e6 3. c4 b6 4. a3 Bb7 5. Nc3 d5 6. cxd5 exd5 7. g3 Be7 8. Bg2
O-O 9. O-O c5 10. Bf4 Nbd7 11. dxc5 Nxc5 12. Nb5 Ne6 13. Be5 Ne4 14. Nfd4 Bf6
15. Nxe6 fxe6 16. Qd4 Bc6 17. Bxe4 Bxb5 18. Bf3 Bxe5 19. Qxe5 Qf6 20. Qe3 Rac8
21. Rac1 d4 22. Qe4 Rxc1 23. Rxc1 d3 24. Qe3 Qh6 25. Qxh6 gxh6 26. Bg4 d2 27.
Bxe6+ Kh8 28. Rd1 Rd8 29. Kf1 Re8 30. Bg4 Re4 31. h3 Rd4 32. b3 a5 33. a4 Bc6
34. Bf5 b5 35. axb5 Bxb5 36. Bd3 Bxd3 37. Rxd2 Bxe2+ 38. Kxe2 Rb4 39. Rd3 a4
40. bxa4 Rxa4 41. Rd7 Ra3 42. Kf1 Kg8 43. Kg2 Rb3 44. h4 Ra3 45. Re7 Rb3 46.
Rd7 Ra3 47. Re7 Rb3 48. f3 Ra3 49. Rd7 Rb3 50. Re7 Ra3 51. Kf2 Rb3 52. f4 Ra3
53. Rd7 Rb3 54. Re7 Ra3 55. Kg2 Rb3 56. Rd7 Ra3 57. Re7 Rb3 58. Rd7 Ra3 59. Kh3
Rb3 60. Ra7 Rc3 61. Rb7 Ra3 62. Rc7 Rb3 63. Rd7 Ra3 64. Re7 Rb3 65. Kg4 Ra3 66.
Rd7 Rb3 67. Rc7 Ra3 68. Rb7 Rc3 69. Ra7 Rb3 70. Rc7 Ra3 71. Rb7 Rc3 72. Rd7 Ra3
73. Re7 Rb3 74. f5 Ra3 75. Kf4 Ra4+ 76. Ke5 h5 77. Kf6 h6 78. Re3 Ra6+ 79. Re6
Ra3 80. Re8+ Kh7 81. Re7+ Kg8 82. g4 hxg4 83. Kg6 Kf8 84. f6 g3 85. Rb7 Re3 86.
Rh7 Ke8 87. f7+ Ke7 88. Kg7 Rf3 89. Kg8 Ke6 90. f8=Q Rxf8+ 91. Kxf8 Kf5 92. Rg7
Kf4 93. h5 1-0

[Event "6. Copenhagen Open Politiken Cup"]
[Site "Copenhagen"]
[Date "1984.??.??"]
[Round "6"]
[White "Hoi, Carsten"]
[Black "Heyken, Enno"]
[Result "1-0"]
[WhiteElo "2400"]
[BlackElo "2300"]
[PlyCount "95"]
[EventDate "1984.??.??"]
[EventType "swiss"]
[EventRounds "10"]
[EventCountry "DEN"]
[SourceDate "2004.01.01"]

1. d4 e6 2. Nf3 Nf6 3. Bg5 h6 4. Bxf6 Qxf6 5. Nbd2 d6 6. c3 Nd7 7. e3 g6 8. Bd3
Bg7 9. Qe2 Qe7 10. O-O-O a6 11. Kb1 b5 12. Nb3 O-O 13. h4 e5 14. dxe5 Nxe5 15.
Nxe5 dxe5 16. Be4 Rb8 17. h5 g5 18. g4 b4 19. c4 Bd7 20. Na5 Rb6 21. Rd2 Rfb8
22. Rhd1 Be8 23. f3 Bf6 24. Rd5 b3 25. axb3 c5 26. Qd2 Qc7 27. Rd6 Be7 28. Rxb6
Rxb6 29. Qc3 Rb4 30. Bc2 Bf6 31. Qd3 Qxa5 32. Qh7+ Kf8 33. Qxh6+ Ke7 34. Rd6
Kxd6 35. Qxf6+ Kc7 36. Qe7+ Bd7 37. Bf5 Rxb3 38. Qxd7+ Kb8 39. Qc8+ Ka7 40. Be4
Qe1+ 41. Kc2 Rxb2+ 42. Kxb2 Qd2+ 43. Bc2 Qb4+ 44. Kc1 Qe1+ 45. Bd1 Qc3+ 46. Kb1
Qb4+ 47. Kc2 Qxc4+ 48. Kd2 1-0

[Event "6. Copenhagen Open Politiken Cup"]
[Site "Copenhagen"]
[Date "1984.??.??"]
[Round "6"]
[White "Iskov, Gert"]
[Black "Degerman, Lars"]
[Result "0-1"]
[WhiteElo "2370"]
[BlackElo "2270"]
[PlyCount "46"]
[EventDate "1984.??.??"]
[EventType "swiss"]
[EventRounds "10"]
[EventCountry "DEN"]
[SourceDate "2004.01.01"]

1. e4 c5 2. Nf3 Nc6 3. d4 cxd4 4. Nxd4 Nf6 5. Nc3 d6 6. Bc4 e6 7. Be3 a6 8. Bb3
Qc7 9. O-O Be7 10. f4 O-O 11. Qf3 Nxd4 12. Bxd4 b5 13. e5 dxe5 14. fxe5 Nd7 15.
Nd5 exd5 16. Bxd5 Bc5 17. Rad1 Nxe5 18. Qg3 Bxd4+ 19. Rxd4 Ra7 20. b4 Ng6 21.
Qg5 Qe5 22. Qd2 Re7 23. Re4 Qc7 0-1

[Event "6. Copenhagen Open Politiken Cup"]
[Site "Copenhagen"]
[Date "1984.??.??"]
[Round "6"]
[White "Jensen, Allan Astrup"]
[Black "Moe, Mogens"]
[Result "0-1"]
[WhiteElo "2240"]
[BlackElo "2350"]
[PlyCount "114"]
[EventDate "1984.??.??"]
[EventType "swiss"]
[EventRounds "10"]
[EventCountry "DEN"]
[SourceDate "2004.01.01"]

1. Nf3 c5 2. c4 g6 3. g3 Bg7 4. Bg2 Nc6 5. O-O d6 6. Nc3 Bg4 7. h3 Be6 8. d3 h6
9. Rb1 Qd7 10. Kh2 g5 11. Ng1 Nf6 12. Bd2 d5 13. cxd5 Nxd5 14. Qa4 Nb6 15. Qb5
c4 16. Ne4 cxd3 17. exd3 Ne5 18. Qxd7+ Nbxd7 19. Bc3 O-O 20. d4 Nc6 21. a3 Nxd4
22. Rbd1 Nb3 23. Bxg7 Kxg7 24. Nf3 Rfd8 25. Nd4 Nxd4 26. Rxd4 Ne5 27. Rfd1 Nc6
28. R4d2 Rxd2 29. Rxd2 Rd8 30. Rc2 Bf5 31. Rc4 Bxe4 32. Bxe4 Rd2 33. Bxc6 bxc6
34. Kg2 Rxb2 35. Rxc6 Rb7 36. a4 e6 37. Ra6 Kf6 38. Ra5 Kg6 39. g4 Re7 40. Kg3
f5 41. gxf5+ exf5 42. Ra6+ Kh5 43. Rf6 f4+ 44. Kg2 Rh7 45. a5 Kh4 46. a6 h5 47.
Rg6 Rc7 48. Rh6 Rc3 49. f3 Rc2+ 50. Kf1 Kg3 51. Rxh5 Kxf3 52. Kg1 g4 53. hxg4
Kg3 54. Kf1 f3 55. Re5 Rc1+ 56. Re1 Rxe1+ 57. Kxe1 Kg2 0-1

[Event "6. Copenhagen Open Politiken Cup"]
[Site "Copenhagen"]
[Date "1984.??.??"]
[Round "6"]
[White "King, Daniel J"]
[Black "Lengyel, Levente"]
[Result "0-1"]
[WhiteElo "2435"]
[BlackElo "2415"]
[PlyCount "60"]
[EventDate "1984.??.??"]
[EventType "swiss"]
[EventRounds "10"]
[EventCountry "DEN"]
[SourceDate "2004.01.01"]

1. Nf3 Nf6 2. c4 e6 3. Nc3 d5 4. d4 Be7 5. Bg5 h6 6. Bxf6 Bxf6 7. e3 O-O 8. Qd2
c6 9. O-O-O Nd7 10. g4 g6 11. h4 Bg7 12. Bd3 Qe7 13. cxd5 exd5 14. g5 h5 15. e4
Nb6 16. exd5 cxd5 17. Rhe1 Qc7 18. Ne5 Bxe5 19. Rxe5 Bg4 20. Rde1 Nc4 21. Bxc4
Qxc4 22. Rxd5 Rad8 23. Rxd8 Rxd8 24. d5 Bf5 25. f4 Rc8 26. d6 Qxa2 27. Kd1 Bg4+
28. Kc1 Qa1+ 29. Kc2 Qa4+ 30. Kc1 Bf5 0-1

[Event "6. Copenhagen Open Politiken Cup"]
[Site "Copenhagen"]
[Date "1984.??.??"]
[Round "6"]
[White "Knudsen, Per"]
[Black "Poulsen, Allan"]
[Result "0-1"]
[WhiteElo "2295"]
[BlackElo "2350"]
[PlyCount "46"]
[EventDate "1984.??.??"]
[EventType "swiss"]
[EventRounds "10"]
[EventCountry "DEN"]
[SourceDate "2004.01.01"]

1. Nf3 g6 2. c4 Bg7 3. Nc3 d6 4. g3 e5 5. Bg2 Ne7 6. d3 O-O 7. Bd2 c5 8. O-O
Nbc6 9. Ne1 Be6 10. Nd5 Qd7 11. b4 Bxd5 12. cxd5 Nxb4 13. Bxb4 cxb4 14. Nc2 a5
15. e4 Rac8 16. Ne3 Rc3 17. Nc4 Qc7 18. Qa4 Rxd3 19. Qb5 Rc3 20. Nxa5 Nxd5 21.
Qxd5 Rc5 22. Qxb7 Qxa5 23. Rfb1 Rc7 0-1

[Event "6. Copenhagen Open Politiken Cup"]
[Site "Copenhagen"]
[Date "1984.??.??"]
[Round "6"]
[White "Kristensen, Leif Sogaard"]
[Black "Berkell, Peder"]
[Result "1/2-1/2"]
[WhiteElo "2220"]
[BlackElo "2305"]
[PlyCount "21"]
[EventDate "1984.??.??"]
[EventType "swiss"]
[EventRounds "10"]
[EventCountry "DEN"]
[SourceDate "2004.01.01"]

1. e4 e5 2. Bc4 Nf6 3. d3 Bc5 4. Nc3 Nc6 5. Be3 Bb6 6. Bxb6 axb6 7. Nge2 d6 8.
O-O Be6 9. Bxe6 fxe6 10. f4 O-O 11. Qd2 1/2-1/2

[Event "6. Copenhagen Open Politiken Cup"]
[Site "Copenhagen"]
[Date "1984.??.??"]
[Round "6"]
[White "Kristiansen, Jens"]
[Black "Wedberg, Tom"]
[Result "1-0"]
[WhiteElo "2450"]
[BlackElo "2495"]
[PlyCount "111"]
[EventDate "1984.??.??"]
[EventType "swiss"]
[EventRounds "10"]
[EventCountry "DEN"]
[SourceDate "2004.01.01"]

1. e4 e5 2. Nf3 Nc6 3. Bc4 Nf6 4. d3 Bc5 5. O-O O-O 6. Nbd2 d6 7. c3 a6 8. Bb3
Ba7 9. Re1 Be6 10. h3 Re8 11. Nf1 h6 12. N3h2 d5 13. Qf3 Qd6 14. Ng3 Ne7 15.
Bc2 Ng6 16. Ng4 Nh7 17. Nf5 Qd7 18. Bb3 c6 19. g3 Rad8 20. h4 f6 21. Nge3 Ne7
22. Nxe7+ Rxe7 23. Nf5 Rf7 24. Be3 Bxe3 25. Nxe3 f5 26. exf5 Bxf5 27. Nxf5 Rxf5
28. Qg4 Qf7 29. Re2 Rf8 30. Rf1 h5 31. Qh3 Rf3 32. c4 Nf6 33. Rxe5 Ng4 34. cxd5
Rxd3 35. Re2 cxd5 36. Qg2 Kh8 37. Rd1 Rxd1+ 38. Bxd1 Qf5 39. Rd2 Nf6 40. Qf3
Qh3 41. Rxd5 Qg4 42. Qxg4 hxg4 43. Rd4 Rc8 44. Bxg4 Nxg4 45. Rxg4 Rc2 46. Rb4
b5 47. a4 bxa4 48. Rxa4 Rxb2 49. Rxa6 Kh7 50. Kg2 Rc2 51. h5 Rb2 52. g4 Rc2 53.
Kg3 Rc1 54. f4 Rg1+ 55. Kh4 Rb1 56. Kg5 1-0

[Event "6. Copenhagen Open Politiken Cup"]
[Site "Copenhagen"]
[Date "1984.??.??"]
[Round "6"]
[White "Portisch, Ferenc"]
[Black "Kovacs, Laszlo"]
[Result "1/2-1/2"]
[WhiteElo "2445"]
[BlackElo "2345"]
[PlyCount "32"]
[EventDate "1984.??.??"]
[EventType "swiss"]
[EventRounds "10"]
[EventCountry "DEN"]
[SourceDate "2004.01.01"]

1. d4 Nf6 2. c4 e6 3. Nc3 Bb4 4. e3 c5 5. Bd3 d5 6. Nf3 dxc4 7. Bxc4 O-O 8. O-O
Nbd7 9. Qe2 a6 10. a3 cxd4 11. axb4 dxc3 12. bxc3 Qc7 13. e4 Ng4 14. Bd3 Nde5
15. Nxe5 Nxe5 16. c4 Nxd3 1/2-1/2

[Event "6. Copenhagen Open Politiken Cup"]
[Site "Copenhagen"]
[Date "1984.??.??"]
[Round "6"]
[White "Reinert, Mads"]
[Black "Lindberg, Bengt"]
[Result "0-1"]
[WhiteElo "2330"]
[BlackElo "2265"]
[PlyCount "54"]
[EventDate "1984.??.??"]
[EventType "swiss"]
[EventRounds "10"]
[EventCountry "DEN"]
[SourceDate "2004.01.01"]

1. e4 Nf6 2. e5 Nd5 3. d4 d6 4. Nf3 g6 5. Bc4 Nb6 6. Bb3 Nc6 7. Ng5 d5 8. c3 f6
9. exf6 exf6 10. Nf3 Bg4 11. h3 Be6 12. a4 a5 13. Bf4 Qd7 14. Na3 Bxa3 15. bxa3
O-O-O 16. Qd2 Rde8 17. O-O-O g5 18. Bg3 Nd8 19. Kb1 Nxa4 20. Ka1 Nb6 21. Ne1
Bf5 22. Nd3 Qb5 23. Bc2 Nc4 24. Qc1 Re2 25. Rhe1 Rhe8 26. a4 Qb6 27. h4 Bxd3
0-1

[Event "6. Copenhagen Open Politiken Cup"]
[Site "Copenhagen"]
[Date "1984.??.??"]
[Round "6"]
[White "Sznapik, Aleksander"]
[Black "Hartman, Christer"]
[Result "1-0"]
[WhiteElo "2460"]
[BlackElo "2210"]
[PlyCount "71"]
[EventDate "1984.??.??"]
[EventType "swiss"]
[EventRounds "10"]
[EventCountry "DEN"]
[SourceDate "2004.01.01"]

1. e4 e5 2. Nf3 Nc6 3. Bb5 a6 4. Ba4 Nf6 5. O-O Nxe4 6. d4 b5 7. Bb3 d5 8. dxe5
Be6 9. Nbd2 Nc5 10. Qe2 Be7 11. c3 d4 12. Bxe6 fxe6 13. Nb3 Nxb3 14. axb3 Qd5
15. cxd4 Qxb3 16. Be3 Qd5 17. Rac1 a5 18. Rfd1 O-O 19. Ne1 a4 20. g3 a3 21.
bxa3 Rxa3 22. Ng2 Ra2 23. Qg4 Rf5 24. Nf4 Qe4 25. Qh3 Ba3 26. Rb1 Nb4 27. Nxe6
Nd5 28. Ng5 Rxg5 29. Qe6+ Kf8 30. Bxg5 Bb2 31. Be7+ Nxe7 32. Qxa2 Bxd4 33. Rxd4
Qxd4 34. Rxb5 g6 35. Qe6 Nf5 36. Qf6+ 1-0

[Event "6. Copenhagen Open Politiken Cup"]
[Site "Copenhagen"]
[Date "1984.??.??"]
[Round "6"]
[White "Sorensen, Henrik"]
[Black "Carl, Manfred"]
[Result "1/2-1/2"]
[WhiteElo "2250"]
[BlackElo "2230"]
[PlyCount "43"]
[EventDate "1984.??.??"]
[EventType "swiss"]
[EventRounds "10"]
[EventCountry "DEN"]
[SourceDate "2004.01.01"]

1. d4 d5 2. Nf3 Nf6 3. Bf4 c5 4. e3 Qb6 5. Qc1 Nc6 6. c3 Bf5 7. Be2 e6 8. O-O
Be7 9. h3 Rc8 10. Nbd2 O-O 11. Nb3 Ne4 12. Nfd2 cxd4 13. exd4 a5 14. Nxe4 Bxe4
15. Qd2 a4 16. Nc1 Na5 17. Nd3 Nc4 18. Qc2 Qc6 19. Rac1 Ra8 20. b3 axb3 21.
axb3 Nb6 22. Ne5 1/2-1/2

[Event "6. Copenhagen Open Politiken Cup"]
[Site "Copenhagen"]
[Date "1984.??.??"]
[Round "6"]
[White "Van Mil, Johan"]
[Black "Sorensen, Bent"]
[Result "1-0"]
[WhiteElo "2370"]
[BlackElo "2290"]
[PlyCount "75"]
[EventDate "1984.??.??"]
[EventType "swiss"]
[EventRounds "10"]
[EventCountry "DEN"]
[SourceDate "2004.01.01"]

1. e4 e6 2. d4 d5 3. Nd2 c5 4. exd5 exd5 5. Bb5+ Nc6 6. Ne2 Bd6 7. dxc5 Bxc5 8.
Nb3 Bb6 9. O-O Nge7 10. a4 O-O 11. Nf4 Qd6 12. Nd3 Ng6 13. Re1 Nce7 14. a5 Bc7
15. g3 a6 16. Ba4 d4 17. Bd2 Qf6 18. Nbc5 Nh4 19. gxh4 Qxh4 20. Ne5 Ng6 21. Re4
Qh3 22. Ra3 Qf5 23. Bd7 Bxd7 24. Nexd7 Rfe8 25. Qe2 Ne5 26. Nxe5 Rxe5 27. Rxe5
Bxe5 28. Ne4 Rc8 29. Rf3 Qg6+ 30. Ng3 f6 31. c3 Qb1+ 32. Be1 dxc3 33. Rxc3 Rd8
34. Re3 h5 35. Kg2 h4 36. Ne4 Bf4 37. Nxf6+ Kf8 38. Re8+ 1-0

[Event "6. Copenhagen Open Politiken Cup"]
[Site "Copenhagen"]
[Date "1984.??.??"]
[Round "6"]
[White "Westerinen, Heikki"]
[Black "Horvath, Tamas"]
[Result "1-0"]
[WhiteElo "2385"]
[BlackElo "2440"]
[PlyCount "165"]
[EventDate "1984.??.??"]
[EventType "swiss"]
[EventRounds "10"]
[EventCountry "DEN"]
[SourceDate "2004.01.01"]

1. e4 c5 2. Nf3 e6 3. c3 d5 4. exd5 Qxd5 5. d4 Nf6 6. Na3 Be7 7. Nb5 Na6 8. Be2
O-O 9. O-O cxd4 10. Qxd4 Qxd4 11. Nfxd4 Rd8 12. Bf4 Nd5 13. Bg3 f6 14. Bc4 e5
15. Rfe1 Kf8 16. Rad1 Ndc7 17. Nb3 Rxd1 18. Rxd1 Nxb5 19. Bxb5 Nc7 20. Bd3 g6
21. f4 exf4 22. Bxf4 Ne8 23. Be4 f5 24. Bh6+ Kf7 25. Bd5+ Be6 26. Bxb7 Rb8 27.
Bd5 Bxd5 28. Rxd5 g5 29. h4 gxh4 30. Bf4 Rd8 31. Rxf5+ Kg6 32. Re5 Bf6 33. Re1
Ng7 34. Nc5 Kf5 35. Bc7 Rc8 36. Bd6 Ne8 37. Ne4 Rc4 38. Ng3+ hxg3 39. Rxe8 Rg4
40. Kf1 h5 41. Ra8 Ke6 42. Bc5 Kd5 43. Bg1 Ke4 44. Ke2 Rh4 45. Rxa7 Rh1 46.
Ra4+ Kf5 47. Be3 Be5 48. Rb4 h4 49. a4 Rb1 50. a5 h3 51. gxh3 g2 52. a6 g1=Q
53. Bxg1 Rxg1 54. Ra4 Rg8 55. Kd3 Ra8 56. b4 Rd8+ 57. Kc2 Ke6 58. b5 Kd5 59. a7
Ra8 60. Ra6 Bc7 61. b6 Bxb6 62. Rxb6 Rxa7 63. Rb5+ Kc4 64. Rb4+ Kc5 65. Kd3 Ra1
66. Rc4+ Kd5 67. Rd4+ Ke5 68. Rh4 Rd1+ 69. Kc4 Rd8 70. Rh5+ Ke4 71. h4 Re8 72.
Rc5 Ke3 73. h5 Re4+ 74. Kd5 Kd3 75. Kd6 Re3 76. Kd7 Re2 77. h6 Rh2 78. Rc6 Ke4
79. Ke7 Kd5 80. Rg6 Ke5 81. Kf7 Kf5 82. Kg7 Rb2 83. Rf6+ 1-0

[Event "6. Copenhagen Open Politiken Cup"]
[Site "Copenhagen"]
[Date "1984.??.??"]
[Round "7"]
[White "Auchenberg, Per"]
[Black "Jensen, Allan Astrup"]
[Result "1/2-1/2"]
[WhiteElo "2240"]
[BlackElo "2240"]
[PlyCount "127"]
[EventDate "1984.??.??"]
[EventType "swiss"]
[EventRounds "10"]
[EventCountry "DEN"]
[SourceDate "2004.01.01"]

1. c4 e6 2. Nf3 d5 3. e3 c5 4. b3 Nf6 5. Bb2 Nc6 6. cxd5 exd5 7. Be2 Be7 8. O-O
O-O 9. d4 Bg4 10. dxc5 Bxc5 11. Nc3 a6 12. Na4 Ba7 13. Rc1 Qd6 14. Bxf6 gxf6
15. Nd4 Bxe2 16. Nxe2 Kh8 17. Ng3 Rg8 18. Nc3 Rad8 19. Nce2 Qe5 20. Nf4 d4 21.
Nd3 Qg5 22. e4 Rg6 23. f4 Qg4 24. Qxg4 Rxg4 25. Kf2 Rxf4+ 26. Nxf4 d3+ 27. Ke1
d2+ 28. Ke2 dxc1=Q 29. Rxc1 Nd4+ 30. Ke1 Bb8 31. Nfe2 Ne6 32. Rd1 Rxd1+ 33.
Kxd1 Be5 34. h3 Bxg3 35. Nxg3 Nf4 36. Nf5 Nxg2 37. Kd2 Nf4 38. h4 Kg8 39. Kc3
Kf8 40. Kc4 b6 41. a4 Ke8 42. a5 bxa5 43. Nd6+ Ke7 44. Nb7 h5 45. Nxa5 Kd6 46.
Kd4 Ng2 47. Nb7+ Kc7 48. Nc5 Nxh4 49. Nxa6+ Kb6 50. Nb4 f5 51. Nd5+ Kc6 52. Nf6
Nf3+ 53. Ke3 fxe4 54. Kxe4 Nd2+ 55. Kf5 h4 56. Kg4 Nxb3 57. Kxh4 Kd6 58. Kg5
Ke6 59. Ng4 Nc5 60. Nh6 f6+ 61. Kf4 Nd3+ 62. Ke3 Ne5 63. Ng8 f5 64. Nh6 1/2-1/2

[Event "6. Copenhagen Open Politiken Cup"]
[Site "Copenhagen"]
[Date "1984.??.??"]
[Round "7"]
[White "Barczay, Laszlo"]
[Black "Jacoby, Gisbert"]
[Result "1/2-1/2"]
[WhiteElo "2410"]
[BlackElo "2245"]
[PlyCount "150"]
[EventDate "1984.??.??"]
[EventType "swiss"]
[EventRounds "10"]
[EventCountry "DEN"]
[SourceDate "2004.01.01"]

1. e4 e5 2. Nf3 Nf6 3. Nxe5 d6 4. Nf3 Nxe4 5. d4 d5 6. Bd3 Be7 7. O-O Nc6 8.
Re1 Bg4 9. c3 f5 10. Qc2 Qd6 11. Nfd2 Nxf2 12. Kxf2 Qxh2 13. Nf1 Qh4+ 14. g3
Qh1 15. Bf4 O-O 16. Bb5 g5 17. Bxc6 gxf4 18. Bxd5+ Qxd5 19. Rxe7 Rae8 20. Rxe8
Qf3+ 21. Kg1 Rxe8 22. Nbd2 Qe2 23. Qb3+ Re6 24. Qc4 f3 25. Qxe2 fxe2 26. Re1
exf1=Q+ 27. Kxf1 Kf7 28. Rxe6 Kxe6 29. Kf2 b6 30. Ke3 Kd6 31. Nc4+ Ke6 32. Kf4
Be2 33. Ne3 Bd3 34. c4 a5 35. b3 Bb1 36. a3 Bd3 37. b4 axb4 38. axb4 c6 39. d5+
Kd6 40. dxc6 Kxc6 41. Ke5 Kc7 42. Kd4 Bb1 43. b5 Kb7 44. Ke5 Bd3 45. Nxf5 Kc7
46. Ne3 Be2 47. Kd4 Bh5 48. g4 Bg6 49. g5 Bb1 50. Ng4 Bf5 51. Nf6 Bc2 52. Ne8+
Kd7 53. Kc3 Bg6 54. Nf6+ Kc7 55. Kb4 Kb7 56. c5 bxc5+ 57. Kxc5 Kc7 58. Nd5+ Kb7
59. Ne3 Kc7 60. Nc4 Be4 61. Nd6 Ba8 62. Ne8+ Kd7 63. Nf6+ Ke6 64. Nxh7 Kf5 65.
Kd6 Kg6 66. Nf8+ Kxg5 67. Ne6+ Kf5 68. Nc7 Bb7 69. Na6 Kf4 70. Kc7 Ba8 71. Kb8
Bg2 72. Kc7 Ke5 73. b6 Ba8 74. Kc8 Kd6 75. Kb8 Bg2 1/2-1/2

[Event "6. Copenhagen Open Politiken Cup"]
[Site "Copenhagen"]
[Date "1984.??.??"]
[Round "7"]
[White "Bjarnason, Saevar"]
[Black "Wockenfuss, Klaus"]
[Result "1-0"]
[WhiteElo "2375"]
[BlackElo "2310"]
[PlyCount "163"]
[EventDate "1984.??.??"]
[EventType "swiss"]
[EventRounds "10"]
[EventCountry "DEN"]
[SourceDate "2004.01.01"]

1. d4 Nf6 2. c4 e6 3. Nc3 c5 4. d5 exd5 5. cxd5 d6 6. e4 g6 7. f4 Bg7 8. Bb5+
Nfd7 9. a4 O-O 10. Nf3 Na6 11. O-O Nb4 12. Re1 a6 13. Bf1 Re8 14. a5 Qc7 15. h3
c4 16. Ra4 Nd3 17. Bxd3 cxd3 18. Qxd3 Nc5 19. Qc4 Bd7 20. Ra2 Bb5 21. Nxb5 axb5
22. Qxb5 Rxe4 23. Rxe4 Nxe4 24. Be3 h6 25. Kh2 Qe7 26. Ra3 Rc8 27. Qe2 Nf6 28.
Qd3 Ne4 29. Bd4 Bxd4 30. Qxd4 Nf6 31. b4 Rc2 32. Re3 Qd8 33. Nd2 Nh5 34. Nc4
Kh7 35. Qe4 Rc1 36. Qe7 Qxe7 37. Rxe7 Rxc4 38. Rxf7+ Kg8 39. Rxb7 Nxf4 40. a6
Rc2 41. a7 Rxg2+ 42. Kh1 Ra2 43. Rb8+ Kf7 44. a8=Q Rxa8 45. Rxa8 Ke7 46. Ra7+
Kd8 47. Kh2 Nxd5 48. b5 Kc8 49. Rh7 h5 50. Rg7 Nf4 51. Kg3 Ne2+ 52. Kh4 Nf4 53.
Rf7 g5+ 54. Kxg5 Nxh3+ 55. Kxh5 Ng1 56. Rf2 d5 57. Kg4 d4 58. Rd2 Kb7 59. Kg3
d3 60. Rxd3 Ne2+ 61. Kf3 Nc1 62. Rc3 Na2 63. Rb3 Nc1 64. Rb1 Na2 65. Ke3 Nc3
66. Rb3 Nd5+ 67. Kd4 Nc7 68. Kc5 Ne6+ 69. Kb4 Kb6 70. Rh3 Nd4 71. Rh6+ Kb7 72.
Rd6 Nf5 73. Rd5 Ne3 74. Re5 Ng4 75. Re6 Nf2 76. Ka5 Nd3 77. Re7+ Kc8 78. Ka6
Nf4 79. Ka7 Nd5 80. Rh7 Nb4 81. b6 Nc6+ 82. Ka8 1-0

[Event "6. Copenhagen Open Politiken Cup"]
[Site "Copenhagen"]
[Date "1984.??.??"]
[Round "7"]
[White "Brondum, Eric"]
[Black "Berg, Klaus"]
[Result "1/2-1/2"]
[WhiteElo "2260"]
[BlackElo "2400"]
[PlyCount "61"]
[EventDate "1984.??.??"]
[EventType "swiss"]
[EventRounds "10"]
[EventCountry "DEN"]
[SourceDate "2004.01.01"]

1. d4 Nf6 2. Nf3 e6 3. c4 Bb4+ 4. Bd2 c5 5. Bxb4 cxb4 6. e3 O-O 7. Bd3 d6 8.
Qc2 Nbd7 9. Nbd2 Qc7 10. g4 g6 11. h3 b6 12. g5 Nh5 13. Rg1 e5 14. O-O-O Bb7
15. Kb1 a5 16. Be4 f5 17. gxf6 Bxe4 18. Nxe4 Ndxf6 19. Neg5 Rae8 20. d5 Ng7 21.
Rc1 Qd7 22. Nd2 Kh8 23. Rg2 Re7 24. Rcg1 Qf5 25. Nde4 Nxe4 26. Nxe4 Rd8 27. Rg5
Qxh3 28. R5g3 Qf5 29. Rg5 Qh3 30. R5g3 Qf5 31. Rg5 1/2-1/2